Catálogo

CANCER : (Registro nro. 44312)

Detalles MARC
000 -LEADER
fixed length control field 00947nam a2200181 a 4500
001 - CONTROL NUMBER
control field 44312
005 - DATE AND TIME OF LATEST TRANSACTION
control field 20230414123620.0
008 - FIXED-LENGTH DATA ELEMENTS--GENERAL INFORMATION
fixed length control field 140415d 000 0 eng d
020 ## - INTERNATIONAL STANDARD BOOK NUMBER
International Standard Book Number 0397512147
041 ## - LANGUAGE CODE
Language code of text/sound track or separate title eng
082 ## - DEWEY DECIMAL CLASSIFICATION NUMBER
Classification number 616.994
Item number CAN
245 00 - TITLE STATEMENT
Title CANCER :
Remainder of title PRINCIPLES AND PRACTICE OF ONCOLOGY
250 ## - EDITION STATEMENT
Edition statement 4ed.
260 ## - PUBLICATION, DISTRIBUTION, ETC.
Place of publication, distribution, etc. [s.l.] :
Name of publisher, distributor, etc. J. B. LIPPINCOTT COMPANY,
Date of publication, distribution, etc. [s.f.]
300 ## - PHYSICAL DESCRIPTION
Extent 989
Dimensions 22 x 8 x 28.2
520 ## - SUMMARY, ETC.
Summary, etc. CANCER: PRINCIPIOS Y PRACTICA DE ONCOLOGIA, ES UNA EXCEPCION A LOS DEMAS LIBROS DE MEDICINA Y CIRUGIA; YA QUE DESDE LA PRIMERA EDICION DE ESTE LIBROS HASTA LA ACTUAL, CUARTA EDICION, EL LIBRO DESPUES DE HABER SIDO ESCRITO HA SIDO REVISADO DETENIDAMENTE POR SUS ESCRITORES Y CON ELLO SE TIENE EN NUESTRAS MANOS EL MEJOR LIBRO QUE SE HAYA ESCRITO EN ONCOLOGIA, POR LO QUE EL LIBRO REALMENTE CONTRIBUYE Y HA HECHO UNA DIFERENCIA POSITIVA EN LA VIDA DE LOS PACIENTES CON CANCER ALREDEDOR DEL
650 14 - SUBJECT ADDED ENTRY--TOPICAL TERM
Topical term or geographic name entry element CANCER
General subdivision ONCOLOGIA
Existencias
Withdrawn status Lost status Source of classification or shelving scheme Damaged status Not for loan Collection code Home library Current library Shelving location Date acquired Source of acquisition Inventory number Total Checkouts Total Renewals Full call number Barcode Date last seen Date last checked out Price effective from Koha item type
    Dewey Decimal Classification     General Biblioteca Karol Wojtyla Biblioteca Karol Wojtyla Sala general 03/12/2013 Compra 151000000000000000008817 4 1 616.994 CAN 66607 07/04/2026 23/01/2026 03/12/2013 Libro